ბათუმის შოთა რუსთაველის სახელმწიფო უნივერსიტეტის ბიბლიოთეკა

Агрохимия (ბიბ.ჩანაწერი № 48338)

000 -LEADER
fixed length control field 00683nam a2200241Ia 4500
001 - CONTROL NUMBER
control field 15226
003 - CONTROL NUMBER IDENTIFIER
control field GE_BSU
008 - FIXED-LENGTH DATA ELEMENTS--GENERAL INFORMATION
fixed length control field 181216s||||||||xx |||||||||||||| ||und||
040 ## - CATALOGING SOURCE
Transcribing agency GE_BSU
080 ## - UNIVERSAL DECIMAL CLASSIFICATION NUMBER
Universal Decimal Classification number 63(075.8)+631.8(075.8)
100 ## - MAIN ENTRY--PERSONAL NAME
Personal name Смирнов,Л.М.
245 ## - TITLE STATEMENT
Title Агрохимия
245 ## - TITLE STATEMENT
Statement of responsibility, etc. Под. общ. ред. П.М.Смирнова и А.В. Петербугского
250 ## - EDITION STATEMENT
Edition statement 3-е изд.
260 ## - PUBLICATION, DISTRIBUTION, ETC.
Place of publication, distribution, etc. Москва
260 ## - PUBLICATION, DISTRIBUTION, ETC.
Name of publisher, distributor, etc. Колос
260 ## - PUBLICATION, DISTRIBUTION, ETC.
Date of publication, distribution, etc. 1975
300 ## - PHYSICAL DESCRIPTION
Extent 512стр.илл.27см.
300 ## - PHYSICAL DESCRIPTION
Accompanying material Указатель лит-ры стр.512
653 ## - INDEX TERM--UNCONTROLLED
Uncontrolled term Агрохимия
653 ## - INDEX TERM--UNCONTROLLED
Uncontrolled term აგროქიმია
942 ## - ADDED ENTRY ELEMENTS (KOHA)
Koha item type წიგნი
ეგზემპლარები
Withdrawn status Lost status Damaged status Not for loan Date acquired Barcode Date last seen Price effective from Koha item type
        2018-12-17 21088 2018-12-17 2018-12-17 წიგნი